| 000 | 00442nam a2200157 4500 | ||
|---|---|---|---|
| 001 | 16030 | ||
| 010 | _a9729592020 | ||
| 021 | _b79282/94 | ||
| 090 | _a16030 | ||
| 100 | _a20240827 pory50 | ||
| 200 |
_aO Vagabundo da caridade _fMarie-Hélène Sigaut _gdes.Brunol le Sourd |
||
| 205 | _a2ª | ||
| 210 |
_aLisboa _cAssociação Portuguesa Amigos de Raoul Follereau _d2005 |
||
| 215 |
_a31 pag. _cil. _d30 cm |
||
| 801 |
_aPT _bBMA _gRPC |
||
| 990 | _cLIVROS | ||